Máquinas eléctricas
I tiakina i:
| Ngā kaituhi matua: | , , |
|---|---|
| Hōputu: | Pukapuka |
| Reo: | Pāniora |
| I whakaputaina: |
Ciudad de México
McGraw-Hill
1992
|
| Putanga: | 2a. ed |
| Ngā marau: | |
| Ngā Tūtohu: |
Tāpirihia he Tūtohu
Kāore He Tūtohu, Me noho koe te mea tuatahi ki te tūtohu i tēnei pūkete!
|
MARC
| LEADER | 00000nam a2200000 a 4500 | ||
|---|---|---|---|
| 001 | UCY0097 | ||
| 003 | CL-VaPUC | ||
| 008 | 940711e19920000MX |||||||||||||||||spa|d | ||
| 082 | 0 | 4 | |a 621.313 |b FIT |2 21 |
| 100 | 0 | |a Fitzgerald, Arthur Eugene |e author |9 327701 | |
| 700 | |a Kingsley, Charles |e author |9 545739 | ||
| 700 | 0 | |a Umans, Stephen D |e author |9 327703 | |
| 245 | 1 | 0 | |a Máquinas eléctricas |
| 250 | |a 2a. ed | ||
| 300 | |a 670 p | ||
| 942 | |c BK | ||
| 945 | |d 19940711 00:00:00 |a mfernand | ||
| 260 | |a Ciudad de México |b McGraw-Hill |c 1992 | ||
| 650 | 0 | |a Máquinas eléctricas |9 260079 | |
| 583 | |a last modification |c 19940711 00:00:00 |k Rodrigo Vera | ||
| 999 | |c 229185 |d 229183 | ||
| 952 | |0 0 |1 0 |2 ddc |4 0 |6 621_313000000000000_FIT_1992 |7 0 |8 A |9 229948 |a BIBING |b BIBING |c RES |d 2019-11-15 |i 2952505 |o 621.313 FIT 1992 |p 2952505 |r 2025-01-20 |w 2019-11-15 |y BK |k EIE | ||
| 952 | |0 0 |1 0 |2 ddc |4 0 |6 621_313000000000000_FIT_1992 |7 0 |8 A |9 229949 |a BIBING |b BIBING |c RES |d 2019-11-15 |i 2994380 |o 621.313 FIT 1992 |p 2994380 |r 2025-01-20 |w 2019-11-15 |y BK |k ING | ||
| 952 | |0 0 |1 0 |4 0 |6 621_313000000000000_FIT_1992 |7 0 |8 R |9 229950 |a BIBMEC |b BIBMEC |d 2019-11-15 |i 3123162 |o 621.313 FIT 1992 |p 3123162 |r 2024-01-19 |w 2019-11-15 |y BK_R |k MEC | ||
| 952 | |0 0 |1 0 |4 0 |6 621_313000000000000_FIT_1992 |7 0 |8 R |9 229951 |a BIBMEC |b BIBMEC |d 2019-11-15 |i 3220354 |o 621.313 FIT 1992 |p 3220354 |r 2024-01-19 |w 2019-11-15 |y BK_R |k MEC | ||
| 952 | |0 0 |1 0 |2 ddc |4 0 |6 621_313000000000000_FIT_1992 |7 0 |8 A |9 229952 |a BIBING |b BIBING |c RES |d 2019-11-15 |i 3256928 |o 621.313 FIT 1992 |p 3256928 |r 2025-01-20 |w 2019-11-15 |y BK |k EIE | ||
| 952 | |0 0 |1 0 |2 ddc |4 0 |6 621_313000000000000_FIT_1992 |7 0 |8 A |9 229953 |a BIBING |b BIBING |c RES |d 2019-11-15 |i 3256936 |l 1 |o 621.313 FIT 1992 |p 3256936 |r 2025-01-20 |s 2024-06-03 |w 2019-11-15 |y BK |k EIE | ||
| 952 | |0 0 |1 0 |2 ddc |4 0 |6 621_313000000000000_FIT_1992 |7 0 |8 A |9 229954 |a BIBING |b BIBING |c RES |d 2019-11-15 |i 3256944 |o 621.313 FIT 1992 |p 3256944 |r 2025-01-20 |w 2019-11-15 |y BK |k EIE | ||
| 952 | |0 0 |1 0 |2 ddc |4 0 |6 621_313000000000000_FIT_1992 |7 0 |8 A |9 229955 |a BIBING |b BIBING |c RES |d 2019-11-15 |i 3284344 |o 621.313 FIT 1992 |p 3284344 |r 2025-01-20 |w 2019-11-15 |y BK |k EIE | ||
| 952 | |0 0 |1 0 |2 ddc |4 0 |6 621_313000000000000_FIT_1992 |7 0 |8 A |9 229956 |a BIBING |b BIBING |c RES |d 2019-11-15 |i 3285626 |o 621.313 FIT 1992 |p 3285626 |r 2025-01-20 |w 2019-11-15 |y BK |k EIE | ||
| 952 | |0 0 |1 0 |4 0 |6 621_313000000000000_FIT_1992 |7 0 |8 R |9 229957 |a BIBMEC |b BIBMEC |d 2019-11-15 |i 3462870 |o 621.313 FIT 1992 |p 3462870 |r 2024-01-19 |w 2019-11-15 |y BK_R |k MEC | ||
| 952 | |0 0 |1 0 |4 0 |6 621_313000000000000_FIT_1992 |7 0 |8 R |9 229958 |a BIBMEC |b BIBMEC |d 2019-11-15 |i 3462889 |o 621.313 FIT 1992 |p 3462889 |r 2024-01-19 |w 2019-11-15 |y BK_R |k MEC | ||
| 952 | |0 0 |1 0 |2 ddc |4 0 |6 621_313000000000000_FIT_1992 |7 0 |8 A |9 229959 |a BIBING |b BIBING |c RES |d 2019-11-15 |i 3631478 |o 621.313 FIT 1992 |p 3631478 |r 2025-01-20 |w 2019-11-15 |y BK |k ING | ||
| 952 | |0 0 |1 0 |2 ddc |4 0 |6 621_313000000000000_FIT_1992 |7 0 |8 A |9 229960 |a BIBING |b BIBING |c RES |d 2019-11-15 |i 3631486 |l 1 |m 2 |o 621.313 FIT 1992 |p 3631486 |r 2025-01-20 |s 2024-06-12 |w 2019-11-15 |y BK |k ING | ||
| 952 | |0 0 |1 0 |2 ddc |4 0 |6 621_313000000000000_FIT_1992 |7 0 |8 A |9 229961 |a BIBING |b BIBING |c RES |d 2019-11-15 |i 3660192 |o 621.313 FIT 1992 |p 3660192 |r 2025-01-20 |w 2019-11-15 |y BK |k EIE | ||
| 952 | |0 0 |1 0 |2 ddc |4 0 |6 621_313000000000000_FIT_1992 |7 0 |8 R |9 229962 |a BIBING |b BIBING |c RES |d 2019-11-15 |i 3949702 |o 621.313 FIT 1992 |p 3949702 |r 2025-01-20 |w 2019-11-15 |y BK_R |k ING | ||